| 000 -LEADER |
| fixed length control field |
01761nam a2200457 4500 |
| 008 - FIXED-LENGTH DATA ELEMENTS--GENERAL INFORMATION |
| fixed length control field |
250527b xxu||||| |||| 00| 0 eng d |
| 040 ## - CATALOGING SOURCE |
| Original cataloging agency |
Cagayan State University |
| Description conventions |
RDA |
| 082 ## - DEWEY DECIMAL CLASSIFICATION NUMBER |
| Classification number |
791.4372 |
| Item number |
I5917 2024 |
| 245 ## - TITLE STATEMENT |
| Title |
Inside out 2 / directed by Kelsey Mann ; written by Meg LeFauve, Dave Holstein, Kelsey Mann ; produced by Mark Nielsen. |
| 260 ## - PUBLICATION, DISTRIBUTION, ETC. (IMPRINT) |
| Place of publication, distribution, etc |
United States : |
| Name of publisher, distributor, etc |
Pixar Animation Studios, |
| Date of publication, distribution, etc |
2024. |
| 300 ## - PHYSICAL DESCRIPTION |
| Extent |
1 videofile, 96 minutes : |
| Other physical details |
sound, color. |
| 520 ## - SUMMARY, ETC. |
| Summary, etc |
Teenager Riley's mind headquarters is undergoing a sudden demolition to make room for something entirely unexpected: new Emotions. Joy, Sadness, Anger, Fear and Disgust, who've long been running a successful operation by all accounts, aren't sure how to feel when Anxiety shows up. And it looks like she's not alone. |
| 521 ## - TARGET AUDIENCE NOTE |
| Target audience note |
Rated PG. |
| 546 ## - LANGUAGE NOTE |
| Language note |
English. |
| 650 ## - SUBJECT ADDED ENTRY--TOPICAL TERM |
| Topical term or geographic name as entry element |
Coming-of-age. |
| 650 ## - SUBJECT ADDED ENTRY--TOPICAL TERM |
| Topical term or geographic name as entry element |
Quest. |
| 650 ## - SUBJECT ADDED ENTRY--TOPICAL TERM |
| Topical term or geographic name as entry element |
Teen comedy. |
| 650 ## - SUBJECT ADDED ENTRY--TOPICAL TERM |
| Topical term or geographic name as entry element |
Teen drama. |
| 650 ## - SUBJECT ADDED ENTRY--TOPICAL TERM |
| Topical term or geographic name as entry element |
Adventure. |
| 650 ## - SUBJECT ADDED ENTRY--TOPICAL TERM |
| Topical term or geographic name as entry element |
Family. |
| 700 ## - ADDED ENTRY--PERSONAL NAME |
| Personal name |
Habib, Adam, cinematographer. |
| 700 ## - ADDED ENTRY--PERSONAL NAME |
| Personal name |
Pytko, Jonathan, cinematographer. |
| 700 ## - ADDED ENTRY--PERSONAL NAME |
| Personal name |
Horwitz, Maurissa, editor. |
| 700 ## - ADDED ENTRY--PERSONAL NAME |
| Personal name |
Poehler, Amy, star. |
| 700 ## - ADDED ENTRY--PERSONAL NAME |
| Personal name |
Hawke, Maya, star. |
| 700 ## - ADDED ENTRY--PERSONAL NAME |
| Personal name |
Tallman, Kensington, star. |
| 700 ## - ADDED ENTRY--PERSONAL NAME |
| Personal name |
Lapira, Liza, star. |
| 700 ## - ADDED ENTRY--PERSONAL NAME |
| Personal name |
Hale, Tony, star. |
| 700 ## - ADDED ENTRY--PERSONAL NAME |
| Personal name |
Black, Lewis, star. |
| 700 ## - ADDED ENTRY--PERSONAL NAME |
| Personal name |
Smith, Phyllis, star. |
| 700 ## - ADDED ENTRY--PERSONAL NAME |
| Personal name |
Lilimar, star. |
| 700 ## - ADDED ENTRY--PERSONAL NAME |
| Personal name |
Lu, Grace, star. |
| 700 ## - ADDED ENTRY--PERSONAL NAME |
| Personal name |
Nuriddin-Green, Sumayyah, star. |
| 700 ## - ADDED ENTRY--PERSONAL NAME |
| Personal name |
Exarchopoulos, Adèle, star. |
| 700 ## - ADDED ENTRY--PERSONAL NAME |
| Personal name |
Lane, Diane, star, |
| 700 ## - ADDED ENTRY--PERSONAL NAME |
| Personal name |
MacLachlan, Kyle, star |
| 700 ## - ADDED ENTRY--PERSONAL NAME |
| Personal name |
Hauser, Paul Walter, star. |
| 710 ## - ADDED ENTRY--CORPORATE NAME |
| Corporate name or jurisdiction name as entry element |
Walt Disney Studios. |
| 710 ## - ADDED ENTRY--CORPORATE NAME |
| Corporate name or jurisdiction name as entry element |
Motion Pictures. |
| 942 ## - ADDED ENTRY ELEMENTS (KOHA) |
| Source of classification or shelving scheme |
|
| Item type |
Audio-Visual Materials |